Nuestro conocimiento del mundo externo: como un campo para el método científico en la filosofía
Saved in:
| Hovedforfatter: | |
|---|---|
| Format: | Bog |
| Sprog: | spansk |
| Udgivet: |
Buenos Aires
Losada
1946
|
| Serier: | Biblioteca Teoría e Historia de las Ciencias
|
| Fag: | |
| Tags: |
Tilføj Tag
Ingen Tags, Vær først til at tagge denne postø!
|
MARC
| LEADER | 00000nam a2200000 a 4500 | ||
|---|---|---|---|
| 001 | UCZ3781 | ||
| 003 | CL-VaPUC | ||
| 008 | 951027e19460000AG |||||||||||||||||spa|d | ||
| 082 | 0 | 4 | |a 146.4 |b RUS |2 21 |
| 100 | 0 | |a Russell, Bertrand |e author |9 323650 | |
| 245 | 1 | 0 | |a Nuestro conocimiento del mundo externo: como un campo para el método científico en la filosofía |
| 300 | |a 236 p | ||
| 942 | |c BK | ||
| 945 | |d 19951027 00:00:00 |a cmena | ||
| 260 | |a Buenos Aires |b Losada |c 1946 | ||
| 650 | 0 | |a Positivismo |9 269460 | |
| 650 | 0 | |a Naturalismo |9 346334 | |
| 650 | 0 | |a Filosofía inglesa |9 255676 | |
| 650 | 0 | |a Metodología |9 256610 | |
| 650 | 0 | |a Filosofía de las ciencias |9 256466 | |
| 583 | |a last modification |c 19951027 00:00:00 |k Rodrigo Vera | ||
| 490 | 0 | |a Biblioteca Teoría e Historia de las Ciencias | |
| 999 | |c 240229 |d 240227 | ||
| 952 | |0 0 |1 0 |4 0 |6 146_400000000000000_RUS_1946 |7 0 |8 A |9 251958 |a BIBEDU |b BIBEDU |d 2019-11-18 |i 1588850 |o 146.4 RUS 1946 |p 1588850 |r 2019-11-18 |w 2019-11-18 |y BK |k FIL | ||